Players With 80+ Passing in Fifa 21 - Statistics

General Stats
  • This quiz has been taken 50 times
  • The average score is 70 of 159
Answer Stats
Passing Club Nation Player % Correct
93 Manchester City Belgium Kevin De Bruyne
100%
91 FC Barcelona Argentina Lionel Messi
100%
91 Real Madrid Germany Toni Kroos
100%
88 Manchester United Portugal Bruno Fernandes
97%
89 Real Madrid Croatia Luka Modric
97%
83 Manchester City Portugal Bernardo Silva
94%
88 Real Sociedad Spain David Silva
94%
86 Manchester United France Paul Pogba
92%
86 Bayern Munich Germany Joshua Kimmich
89%
86 PSG Brazil Neymar
89%
88 Inter Milan Denmark Christian Eriksen
86%
84 Liverpool England Jordan Henderson
86%
85 PSG Italy Marco Verratti
86%
87 Chelsea Morocco Hakim Ziyech
83%
85 Sevilla FC Croatia Ivan Rakitic
83%
85 Atletico Madrid Spain Koke
83%
85 PSG Argentina Angel Di Maria
81%
90 Villarreal CF Spain Daniel Parejo
81%
84 FC Barcelona Netherlands Frenkie De Jong
81%
84 Manchester City Germany Ilkay Gundogan
81%
85 Everton Colombia James Rodriguez
81%
85 Liverpool Spain Thiago Alcantara
81%
87 Liverpool England Trent Alexander-Arnold
81%
84 Chelsea Italy Jorginho
78%
84 Borussia Dortmund Germany Marco Reus
78%
84 Arsenal Norway Martin Odegaard
78%
85 Vissel Kobe Spain Andres Iniesta
75%
84 Wolves Portugal Ruben Neves
75%
84 Leicester City England James Maddison
72%
87 FC Barcelona Bosnia-Herzegovina Miralem Pjanic
72%
84 Piemonte Calcio Argentina Paulo Dybala
72%
82 Bayern Munich Germany Thomas Muller
72%
84 Olympique Marseille France Dimitri Payet
67%
84 Ajax Serbia Dusan Tadic
67%
86 Wolves Portugal Joao Moutinho
67%
86 Lazio Spain Luis Alberto
67%
83 Real Madrid Belgium Eden Hazard
64%
82 Tottenham Hotspur Wales Gareth Bale
64%
80 Bayern Munich Germany Leon Goretzka
64%
83 Napoli Italy Lorenzo Insigne
64%
83 Chelsea Croatia Mateo Kovacic
64%
85 Fenerbahce Germany Mesut Ozil
64%
81 Arsenal Ghana Thomas Partey
64%
81 Borussia Dortmund Belgium Thorgan Hazard
64%
80 Real Sociedad Spain Mikel Oyarzabal
61%
81 Real Betis France Nabil Fekir
61%
83 Shanghai SIPG Brazil Oscar
61%
84 Borussia Dortmund Portugal Raphael Guerreiro
61%
84 FC Barcelona France Antoine Griezmann
58%
82 Real Madrid Spain Isco
58%
80 Liverpool Senegal Sadio Mane
58%
82 Leicester City Belgium Youri Tielemans
58%
80 Tottenham Hotspur South Korea Heung-Min Son
56%
85 Southampton England James Ward-Prowse
56%
81 Liverpool Egypt Mohamed Salah
56%
80 Liverpool Scotland Andrew Robertson
53%
81 Bayern Munich Austria David Alaba
53%
84 Atalanta Slovenia Josip Ilicic
53%
82 Atletico Madrid Uruguay Luis Suarez
53%
81 Olympique Lyon Netherlands Memphis Depay
53%
81 Manchester City Algeria Riyad Mahrez
53%
80 Napoli Belgium Dries Mertens
50%
84 Al-Shabab Argentina Ever Banega
50%
80 Tottenham Hotspur England Harry Kane
50%
81 Real Madrid France Karim Benzema
50%
81 Atletico Madrid England Kieran Trippier
50%
80 FC Barcelona Spain Sergio Busquets
50%
84 Sevilla FC Argentina Alejandro Gomez
47%
80 Athletic Bilbao Spain Ibai Gomez
47%
82 Liverpool England James Milner
47%
81 Liverpool Brazil Roberto Firmino
47%
80 Liverpool Switzerland Xherdan Shaqiri
47%
81 Liverpool Netherlands Georginio Wijnaldum
44%
82 Everton Iceland Gylfi Sigurdsson
44%
82 AC Milan Turkey Hakan Calhanoglu
44%
81 FC Barcelona Spain Jordi Alba
44%
82 Manchester United Spain Juan Mata
44%
80 Real Madrid Brazil Marcelo
44%
81 Real Madrid Spain Marco Asensio
44%
80 Arsenal Switzerland Granit Xhaka
42%
81 Borussia Dortmund England Jadon Sancho
42%
80 PSG Argentina Leandro Paredes
42%
80 Inter Milan Croatia Marcelo Brozovic
42%
80 Lazio Serbia Sergej Milinkovic-Savic
42%
81 Borussia Dortmund Belgium Axel Witsel
39%
81 Piemonte Calcio Portugal Cristiano Ronaldo
39%
81 Atletico Madrid France Thomas Lemar
39%
83 Manchester United Brazil Alex Telles
36%
81 RB Leipzig Sweden Emil Forsberg
36%
80 Tottenham Hotspur Argentina Erik Lamela
36%
82 Fiorentina France Franck Ribery
36%
80 PSG Germany Julian Draxler
36%
82 Sevilla FC Argentina Marcos Acuna
36%
81 Manchester City Ukraine Oleksandr Zinchenko
36%
82 FC Barcelona Brazil Philippe Coutinho
36%
80 Tottenham Hotspur France Tanguy Ndombele
36%
82 Tottenham Hotspur Argentina Giovani Lo Celso
33%
82 Dalian Yifang Slovakia Marek Hamsik
33%
81 Napoli Poland Piotr Zielinski
33%
82 Borussia Dortmund Germany Julian Brandt
31%
80 Everton France Lucas Digne
31%
80 RB Leipzig Austria Marcel Sabitzer
31%
81 FC Barcelona Spain Sergi Roberto
31%
80 RB Leipzig France Christopher Nkunku
28%
83 Real Betis Spain Joaquin
28%
81 Roma FC France Jordan Veretout
28%
81 Brighton & Hove Albion Germany Pascal Gross
28%
83 Real Betis Spain Sergio Canales
28%
82 Bayer Leverkusen Chile Charles Aranguiz
25%
80 Athletic Bilbao Spain Iker Muniain
25%
80 Aston Villa England Jack Grealish
25%
81 Roma FC Italy Lorenzo Pellegrini
25%
82 PSG Spain Pablo Sarabia
25%
80 Cagliari Belgium Radja Nainggolan
25%
80 RB Leipzig Spain Angelino
22%
84 Fiorentina Spain Borja Valero
22%
80 Valencia CF Denmark Daniel Wass
22%
81 Olympique Marseille France Florian Thauvin
22%
80 Olympique Lyon France Houssem Aouar
22%
81 River Plate Argentina Ignacio Fernandez
22%
82 Sevilla FC Spain Suso
22%
81 Inter Milan Serbia Aleksandar Kolarov
19%
81 Athletic Bilbao Spain Raul Garcia
19%
80 Arsenal Brazil Willian
19%
80 Olympiacos France Mathieu Valbuena
17%
81 Union Berlin Germany Max Kruse
17%
87 SD Eibar Spain Pedro Leon
17%
83 SL Benfica Portugal Pizzi
17%
81 Guangzhou Evergrande Brazil Anderson Talisca
14%
80 AS Monaco Spain Cesc Fabregas
14%
80 Piemonte Calcio Italy Federico Bernardeschi
14%
80 Club Brugge Belgium Hans Vanaken
14%
81 Beijing Guoan Spain Jonathan Viera
14%
81 River Plate Colombia Juan Quintero
14%
80 Racing Club Chile Marcelo Diaz
14%
81 Atalanta Ukraine Ruslan Malinovskyi
14%
82 FC Porto Portugal Sergio Oliveira
14%
83 Feyenoord Netherlands Steven Berghuis
14%
80 Derby County England Wayne Rooney
14%
82 Piemonte Calcio Brazil Arthur Melo
11%
82 Fiorentina Italy Giacomo Bonaventura
11%
80 Sporting CP Portugal Joao Mario
11%
80 Bayer Leverkusen Germany Kerem Demirbay
11%
80 RB Leipzig Slovenia Kevin Kampl
11%
80 Seattle Sounders Uruguay Nicolas Lodeiro
11%
81 Ajax Netherlands Daley Blind
8%
80 Portland Timbers Argentina Diego Valeri
8%
82 Levante UD Spain Jose Campana
8%
82 Fenerbahce Argentina Jose Sosa
8%
82 Hellas Verona Portugal Miguel Veloso
8%
81 Montpellier HSC France Teji Savanier
8%
80 Besiktas Serbia Adem Ljajic
6%
81 Real Sociedad Spain Cristian Portu
6%
80 Genoa Denmark Lasse Schone
6%
80 Antalyaspor Turkey Nuri Sahin
6%
80 Sheffield United Northern Ireland Oliver Norwood
6%
80 RCD Mallorca Spain Salva Sevilla
3%
80 Inter Milan Italy Stefano Sensi
3%
82 Beijing Guoan Brazil Renato Auguto
0%
No matching quizzes found
Score Distribution
Percent of People with Each Score
Percentile by Number Answered
Your Score History
You have not taken this quiz